| 000 | 01221nab a22002417a 4500 | ||
|---|---|---|---|
| 999 |
_c6065 _d6065 |
||
| 003 | OSt | ||
| 005 | 20260121003024.0 | ||
| 008 | 190514b xxu||||| |||| 00| 0 spa d | ||
| 040 | _cPJ | ||
| 100 |
_96018 _aLopes, Cecilia |
||
| 245 | 1 | 0 |
_aUniones convivenciales, violencia económica y enriquecimiento sin causa / _cCecilia Lopes. |
| 300 | _ap. 74-83 | ||
| 500 | _aCita: TR LALEY AR/DOC/985/2024. | ||
| 505 | _aSumario: I. Introducción.— II. Los hechos que antecedieron al planteo judicial.— III. La decisión de la Cámara.— IV. Consecuencias patrimoniales ante la finalización de la vida en común en las uniones convivenciales.— V. El enriquecimiento sin causa.— VI. Conclusiones. | ||
| 505 | _tFallo comentado: CCiv. y Com., Necochea ~ 05/09/2023 ~ P. J. c. M. L. s/ división de condominio. | ||
| 650 | 0 |
_9967 _aDERECHO DE FAMILIA |
|
| 650 | 0 |
_91053 _aUNIONES CONVIVENCIALES |
|
| 650 | 0 |
_95360 _aVIOLENCIA ECONÓMICA |
|
| 650 | 0 |
_95831 _aENRIQUECIMIENTO SIN CAUSA |
|
| 650 | 0 |
_91057 _aJURISPRUDENCIA APLICABLE |
|
| 773 | 0 |
_02844 _93222 _dBuenos Aires : AbeledoPerrot, 1989- _tDerecho de familia. Revista Interdisciplinaria de doctrina y jurisprudencia. Junio 2024-III. _z18511201 |
|
| 942 |
_2udc _cANA |
||